Online
Catalog

La ciudad instantánea : (Record no. 5987)

MARC details
000 -CABECERA
campo de control de longitud fija 00775cam a2200217 a 4500
001 - NÚMERO DE CONTROL
campo de control 000006192
005 - FECHA Y HORA DE LA ÚLTIMA TRANSACCIÓN
campo de control 20200929151952.0
008 - DATOS DE LONGITUD FIJA--INFORMACIÓN GENERAL
campo de control de longitud fija 910307s1969 ve 001 0 spa
040 ## - FUENTE DE LA CATALOGACIÓN
Centro catalogador/agencia de origen DO-SdBNP
Centro/agencia transcriptor NIC
Centro/agencia modificador DLC
082 ## - NÚMERO DE LA CLASIFICACIÓN DECIMAL DEWEY
Número de clasificación V861.4
Número de documento/Ítem M149c
100 1# - ENTRADA PRINCIPAL--NOMBRE DE PERSONA
Nombre de persona Machado, Luz,
Fechas asociadas al nombre 1916-1999.
9 (RLIN) 17347
245 13 - MENCIÓN DE TÍTULO
Título La ciudad instantánea :
Resto del título a Caracas /
Mención de responsabilidad, etc. Luz Machado.
260 ## - PUBLICACIÓN, DISTRIBUCIÓN, ETC.
Lugar de publicación, distribución, etc. Caracas :
Nombre del editor, distribuidor, etc. Letras de Venezuela :
-- Dirección de Cultura :
-- Universidad Central de Venezuela,
Fecha de publicación, distribución, etc. 1969.
300 ## - DESCRIPCIÓN FÍSICA
Extensión 99 p. ;
Dimensiones 20 cm.
490 1# - MENCIÓN DE SERIE
Mención de serie Letras de Venezuela,
Designación de volumen o secuencia no. 22
504 ## - NOTA DE BIBLIOGRAFÍA, ETC.
Nota de bibliografía, etc. Incluye referencias bibliográficas: p (5).
650 #4 - PUNTO DE ACCESO ADICIONAL DE MATERIA--TÉRMINO DE MATERIA
Término de materia o nombre geográfico como elemento de entrada Poesìa venezolana
9 (RLIN) 17326
650 #4 - PUNTO DE ACCESO ADICIONAL DE MATERIA--TÉRMINO DE MATERIA
Término de materia o nombre geográfico como elemento de entrada Literatura venezolana
9 (RLIN) 3816
830 #0 - PUNTO DE ACCESO ADICIONAL DE SERIE-TÍTULO UNIFORME
Título uniforme Letras de Venezuela,
Designación de volumen o secuencia no. 22
9 (RLIN) 17348
910 ## - DATOS DE OPCIÓN DEL USUARIO (OCLC)
Datos de opción del usuario Catalogación por copia / LC
Holdings
Estado de retiro Estado de pérdida Restricciones de uso No para préstamo Código de colección Localización permanente Ubicación/localización actual Ubicación en estantería Fecha de adquisición Número de inventario Total de préstamos Signatura topográfica completa Código de barras Fecha visto por última vez Precio válido a partir de Tipo de ítem Koha
    Préstamo interno   Monografías: Libros y Folletos General General En catalogación 26.08.2009 LF1   V861.4 M149c 6192-10 25.06.2020 25.06.2020 Préstamo interno
        Monografías: Libros y Folletos General General Orden iniciada 06.06.2017 LF1   V861.4 M149c 6192-20 25.06.2020 25.06.2020 No se presta

Powered by Koha